000 00357nam a22001457a 4500
003 OSt
005 20160727222343.0
008 160620b xxu||||| |||| 00| 0 eng d
040 _cTEST
100 _9168
_aBrandwein, P. F
245 _aConcepts In Science.
260 _aN.Y
_bHarcourt Bracesovanovich
_c1980
300 _aConcepts In Science.
942 _2ddc
_cBK
999 _c138
_d138